34 more tested,ready-to-run game programs in BASIC

Bibliographic Details
Main Author: Horn, Delton T.
Format: Book
Published: Blue Ridge Summit : TAB Books , 1981
Subjects:

MARC

LEADER 00000cam a2200000 7i4500
001 0000005808
002 000006278
005 20000330.0
020 |a 0830612289 
090 0 0 |a 794   |b HOR 
100 1 |a Horn, Delton T. 
245 1 0 |a 34 more tested,ready-to-run game programs in BASIC   |c Delton T.Horn 
260 |a Blue Ridge Summit :   |b TAB Books ,   |c 1981 
300 |a 224p. ;   |c 20cm. 
650 0 0 |a Games   |x Computer programs 
999 |a 037764   |b BUKU   |c PINJAMAN   |e PERPUSTAKAAN KOMUNITI PETALING JAYA